SOME notes relevant to the development of the forestry sector : Asia-Pacific region

Bibliographic Details
Format: Book
Published: Bangkok : Food and Agriculture Organization of the United Nations , 1984
Subjects:

MARC

LEADER 00000cam a2200000 7i4500
001 0000001375
005 20020712.0
090 0 0 |a FAO634.9   |b SOM 1984 
245 0 0 |a SOME notes relevant to the development of the forestry sector :   |b Asia-Pacific region 
260 0 0 |a Bangkok :   |b Food and Agriculture Organization of the United Nations ,   |c 1984 
300 |a Various pagingsbill., maps ;   |c 30 cm. 
500 0 0 |a Special study on forest management, afforestation and utilization of forest resources in the developing regions 
650 0 0 |a Forests and forestry   |z Asia 
650 0 0 |a Forests and forestry   |z The Pacific 
998 |a JPSM 
999 |a 0000002803   |b Monograph   |c Open Shelf   |e Default branch 
999 |a 0000002872   |b Monograph   |c Open Shelf   |e Default branch